00780nam a2200157 a 450000100100000000500170001001000450002704000250007208200160009710000530011324501890016626000550035530000210041095201740043199900170060500003224420200930063543.0 a110713s1906 dr r 000 0 spa d aDO-SdBNPbspacBNPHU axxxxbM562c1 aMeriño, Fernando Arturo de,d1833-1906.95182110aCartas pastorales y circulares importantes dirigidas al clero y a los fieles de arquidiocesis por el limo y remo señor Don Fernanco Arturo de Meriño /cFernando Arturo de Meriño. aSanto Domingo :bImp. La Cuna de América,c1906. a283 p. ;c30 cm. 001050718RVaPDbPDcHDd2011-07-13iLF1l0oxxxx M562cp32244-10r2020-06-25w2020-06-25y1zPerteneció a la biblioteca personal de Martínez Boog.ZNo se presta c31735d31735